000 03864nam a22004093i 4500
001 EBC448741
003 MiAaPQ
005 20260217165456.0
007 cr cnu||||||||
008 260217s2009 xx o ||||0 eng d
020 _a9780748630776
_q(electronic bk.)
020 _z9780748625123
040 _aMiAaPQ
_beng
_cMiAaPQ
100 1 _aMarsham, Andrew.
_968456
245 1 0 _aRituals of Islamic Monarchy :
_bAccession and Succession in the First Muslim Empire.
250 _a1st ed.
264 1 _aEdinburgh :
_bEdinburgh University Press,
_c2009.
264 4 _c©2009.
300 _a1 online resource (361 pages)
336 _aText
_btxt
_2rdacontent
337 _aComputermedien
_bc
_2rdamedia
338 _aOnline Resource
_bcr
_2rdacarrier
341 0 _bUnknown accessibility
_2onix
341 0 _bNo known hazards or warnings
_2onix
500 _aE-Book-ProQuest / Fernzugriff nach Registrierung möglich
505 0 _aCover -- Copyright -- Contents -- Maps and figures -- Acknowledgements -- Introduction -- Part I Late Antique Arabiaand Early Islam (C. 550-C. 660) -- Introduction -- Chapter 1 Alliance and allegiance in pre-Islamic Arabia -- Chapter 2 The verb bayaʿa in the Qurʼan: Allegiance to Muhammad -- Chapter 3 The oath of allegiance in the 'conquest society' (C. 628-C. 660) -- Part II The Umayyad Caliphate (C. 660-750) -- Introduction -- Chapter 4 Sufyanid accession and succession, C. 660-683 -- Chapter 5 The oath of allegiance in the early tradition and poetry, C. 680-C. 710 -- Chapter 6 The Marwanid patrimony and dynastic succession -- Chapter 7 Marwanid rituals of accession and succession -- Chapter 8 Writing and the bayʿa in the Marwanid period -- Chapter 9 The quranic content of the Marwanid documents -- Part III The Early Abbasid Caliphate (C. 750-809) -- Introduction -- Chapter 10 The consolidation of Abbasid power: al-Mansur and al-Mahdı (754-785) -- Chapter 11 The caliphates of Musa al-Hadi (785-786) and Harun al-Rashid (786-809) -- Chapter 12 'Dispositive documents' for the early Abbasid succession -- Part IV The Middle Abbasid Caliphate (809-865) -- Introduction -- Chapter 13 From the civil war to Samarra (809-847) -- Chapter 14 The caliphate of al-Mutawakkil (847-861) -- Chapter 15 The outbreak of the second ninth centurycivil war (861-865) -- Chapter16 Abbasid documents for caliphal accession -- Conclusion -- Genealogical Tables -- Bibliography -- index.
520 _aA history of the ceremony of the oath of allegiance to the caliph from the time of the Prophet Muhammad until the fragmentation of the caliphate in the late 9th and 10th centuries.Blurb by author:Rituals of Islamic Monarchy is the first full-length study of the rituals by which the caliphs were made rulers of the early Muslim empire. It is an original contribution to scholarship on early Islam and the Middle East, which gives important insights into the formation of classical Islamic culture and civilisation. It clearly sets out the particular evidential problems of early Islamic history and identifies strategies for overcoming them. It also engages with the problem of how Islamic history relates to the history of the pre-Islamic Middle East, arguing for the importance of the pre-Islamic, Arabian context of early Islam, as well as a wider perspective that takes in the legacy of the pre-Islamic empires of Rome and Iran.
653 _aCaliphate.
653 _aIslam -- Rituals -- History.
655 _aFernzugriff
_9230
655 4 _aElectronic books.
776 0 8 _iPrint version:
_aMarsham, Andrew
_tRituals of Islamic Monarchy
_dEdinburgh : Edinburgh University Press,c2009
_z9780748625123
856 4 0 _uhttps://ebookcentral.proquest.com/lib/maxweberstiftung-ebooks/detail.action?docID=448741
_zVolltext
942 _cEB
999 _c73741
_d73741